=LDR 00000nam 2200000 4500 =001 INLIS000000000041956 =005 20130612151447 =008 ***********************************ind** =035 ##$$0010-061300000041956 =041 ##$$a ind =082 ##$$a 930.1 =090 ##$$a 930. 1, Ber b =245 ##$$a Berita penelitian arkologi no. 25, H. siswanto...[Et al] =260 ##$$a 2011 $b Yogyakarta =300 ##$$a Vi,94 hlm, Ilus, 25 cm =650 ##$$a ARKEOLOGI =700 ##$$a H. Siswanto =850 ##$$a NBPNMAT